Vẽ kỹ thuật bằng Autocad

Trình bày các kiến thức về vẽ kỹ thuật trên máy tính bằng phần mềm Autocad như: làm quen với màn hình Autocad, chuột, bàn phím, toạ độ, lệnh, lệnh vẽ, lập bản vẽ mẫu, các lệnh hiệu chỉnh và phối hợp lệnh vẽ và hiệu chỉnh, vẽ hình chie...

Cijeli opis

Spremljeno u:
Bibliografski detalji
Glavni autor: Nguyễn Văn Tiến
Format: Knjiga
Jezik:Vietnamese
Izdano: H. Nhà xuất bản giáo dục Việt Nam 2010
Izdanje:Tái bản lần thứ ba
Teme:
Oznake: Dodaj oznaku
Bez oznaka, Budi prvi tko označuje ovaj zapis!
Thư viện lưu trữ: Thư viện Trường Đại học Nam Cần Thơ
LEADER 01200nam a22002057a 4500
001 NCT_35779
008 180522b xxu||||| |||| 00| 0 vie d
999 |c 1725  |d 1725 
020 |c 27.000 
082 0 4 |2 23rd ed.  |a 620.0042028  |b T305 
100 1 |a Nguyễn Văn Tiến 
245 1 0 |a Vẽ kỹ thuật bằng Autocad  |c Nguyễn Văn Tiến 
250 |a Tái bản lần thứ ba 
260 |a H.  |b Nhà xuất bản giáo dục Việt Nam  |c 2010 
300 |a 171 tr.  |b Minh họa  |c 27 cm 
520 3 |a Trình bày các kiến thức về vẽ kỹ thuật trên máy tính bằng phần mềm Autocad như: làm quen với màn hình Autocad, chuột, bàn phím, toạ độ, lệnh, lệnh vẽ, lập bản vẽ mẫu, các lệnh hiệu chỉnh và phối hợp lệnh vẽ và hiệu chỉnh, vẽ hình chiếu trục đo 2D, gh 
653 |a Công nghệ Kỹ thuật Ô tô 
942 |2 ddc  |c BK 
952 |0 0  |1 0  |2 ddc  |4 0  |6 620_004202800000000_T305  |7 0  |9 8277  |a 000001  |b 000001  |d 2018-05-22  |o 620.0042028 T305  |p MD.11278  |r 2018-05-22  |v 27000.00  |w 2018-05-22  |y BK 
980 |a Thư viện Trường Đại học Nam Cần Thơ